| 000 | 00463nam a22001817a 4500 | ||
|---|---|---|---|
| 003 | 0 | ||
| 005 | 20231006114303.0 | ||
| 008 | 231006b xxu||||| |||| 00| 0 eng d | ||
| 020 | _a978-0-545-90259-5 | ||
| 050 |
_aPZ 7 _b.M37 2015 |
||
| 100 | _aMargolis, Leslie | ||
| 245 |
_aIf i were you _cLeslie Margolis |
||
| 260 |
_aNew York _bScholastic, Inc. _cc2015. |
||
| 300 |
_a210 pages ; _c20cm. |
||
| 500 | _aFiction. | ||
| 650 | _aFiction. | ||
| 942 |
_2lcc _cBK |
||
| 999 |
_c365481 _d365481 |
||